Sociálne aspekty riadenia

Podniková kultúra - pojem. Silná podniková kultúra, jej prednosti a nedostatky. Slabá podniková kultúra. Zdravá podniková kultúra.

Guardado en:
Detalles Bibliográficos
Autor principal: Poniščiaková, Oľga
Formato: Capítulo de libro
Lenguaje:eslovaco
Materias:
Etiquetas: Agregar Etiqueta
Sin Etiquetas, Sea el primero en etiquetar este registro!

MARC

LEADER 00000naa a2200000 4500
001 0206812
005 20231120135257.8
041 0 |a slo 
044 |a SK 
245 1 0 |a Sociálne aspekty riadenia  |c Oľga Poniščiaková 
520 |a Podniková kultúra - pojem. Silná podniková kultúra, jej prednosti a nedostatky. Slabá podniková kultúra. Zdravá podniková kultúra. 
610 2 0 |a riadenie podnikové 
610 2 0 |a manažéri 
610 2 0 |a kultúra podniková 
100 1 |a Poniščiaková, Oľga